000 00211nam a2200073Ia 4500
008 170817s9999 xx 000 0 und d
100 _aSewani.A
245 0 _aShiksha siddhant evam adhunik Bharat mein Shiksha
260 _bAgarwal Prakashan Agara
999 _c39379
_d39379